Инструкция для Инспекции Томского Технологического Института Императора Николая II

التفاصيل البيبلوغرافية
مؤلف مشترك: Томский технологический институт (ТТИ)
الملخص:Печатано по распоряжению Директора Томского Технолгического Института Императора Николая II
اللغة:الروسية
منشور في: Томск, Акцидентная типография В. М. Перельмана, 1903
الموضوعات:
التنسيق: MixedMaterials كتاب
KOHA link:https://koha.lib.tpu.ru/cgi-bin/koha/opac-detail.pl?biblionumber=349861

MARC

LEADER 00000nam0a2200000 4500
001 349861
005 20231102010238.0
035 |a (RuTPU)RU\TPU\retro\2921 
090 |a 349861 
100 |a 20180917d1903 m y0rusy50 ca 
101 0 |a rus 
102 |a RU 
105 |a y z 000zy 
200 1 |a Инструкция для Инспекции Томского Технологического Института Императора Николая II 
210 |a Томск  |c Акцидентная типография В. М. Перельмана  |d 1903 
215 |a 8 с. 
300 |a Печатано по распоряжению Директора Томского Технолгического Института Императора Николая II 
606 1 |a Томский политехнический университет  |2 stltpush  |3 (RuTPU)RU\TPU\subj\67475  |9 83260 
610 1 |a инструкция 
610 1 |a инспекция 
610 1 |a надзор 
610 1 |a Томский технологический институт 
610 1 |a студенты 
610 1 |a коллекция ТПУ 
686 |a Ч484(2)72ТПУ  |v LBC/SL-A  |2 rubbk 
712 0 2 |a Томский технологический институт (ТТИ)  |c (1896-1923)  |2 stltpush  |3 (RuTPU)RU\TPU\col\9244 
801 1 |a RU  |b 63413507  |c 20180917 
801 2 |a RU  |b 63413507  |c 20180918  |g RCR 
942 |c BK